Kde sa dvaja bijú, obyčajne tretí profituje

Bibliographic Details
Main Author: Škrabálková, Margita (Author)
Format: Article
Language:Slovak
ISSN:1335-4698
Subjects:

MARC

LEADER 00000nab a2200000 a 4500
001 vtls000734545
003 SK-MaSNL
005 20260303163855.0
008 180207c2000 xo 0 slo
015 |a SNBRB2000/10-25241 
035 |a CLN000086413 
040 |a SNKBUCL  |b slo  |c SNKBUCL  |e AACR2 
041 0 |a slo 
044 |a xo  |c SK 
080 |a 502.3(437.6):502.4  |2 UDC-MRF-SK2 
080 |a 502.4(437.6)  |2 UDC-MRF-SK2 
100 1 |a Škrabálková, Margita  |4 aut  |9 842951 
245 1 0 |a Kde sa dvaja bijú, obyčajne tretí profituje  |c Margita Škrabálková 
650 0 7 |a príroda  |x ochrana  |z Slovensko  |2 snkbucl  |9 844743 
651 7 |a Tatranský národný park (Slovensko)  |2 snkbucl  |9 106968 
655 7 |a články z novín a časopisov  |2 snkbucl  |9 267496 
773 0 |x 1335-4698  |t Slovenská republika  |g Roč. 8, č. 223 (28.9.2000), s. 3 
850 |a Slovenská národná knižnica v Martine 
852 |a SNK  |b KIS3GCP 
958 |a RBX 
999 |c 2061875  |d 2063805